Barnard Faÿ's Franklin : The apostle of modern times: With illustrations

Guardado en:
Detalles Bibliográficos
Autor principal: Faÿ, Barnard
Formato: Libro
Lenguaje:Undetermined
Publicado: Boston Little, Brown, and Company 1929
Materias:
Etiquetas: Agregar Etiqueta
Sin Etiquetas, Sea el primero en etiquetar este registro!
Thư viện lưu trữ: Trung tâm Học liệu Trường Đại học Cần Thơ
LEADER 00561nam a2200205Ia 4500
001 CTU_77563
008 210402s9999 xx 000 0 und d
082 |a 973.91 
082 |b F282 
100 |a Faÿ, Barnard 
245 0 |a Barnard Faÿ's Franklin : 
245 4 |b The apostle of modern times: With illustrations 
245 0 |c Barnard Faÿ 
260 |a Boston 
260 |b Little, Brown, and Company 
260 |c 1929 
650 |a Statesmen 
650 |z United States 
904 |i Năm 
980 |a Trung tâm Học liệu Trường Đại học Cần Thơ